| 000 | 02145nam2a2200337 4500 | ||
|---|---|---|---|
| 001 | RU\NLR\bibl\530337 | ||
| 005 | 20260407111707.0 | ||
| 035 | _a(NLR Aleph) 000522663 | ||
| 090 |
_a1303070 _c1303070 |
||
| 100 | _a20040617d2004 |||y0rusy50 ca | ||
| 101 | 0 |
_arus _deng |
|
| 102 | _aRU | ||
| 105 | _aac ||||||||| | ||
| 200 | 1 |
_aПроблемы "человеческого фактора" в безопасности движения транспортных средств _eМатериалы межотрасл. конф., Москва, Рос. Федерация, 3 дек. 2003 г. |
|
| 210 |
_aМ. _cБ.и. _d2004 |
||
| 215 |
_a717,[3] с. _cил., портр. _d22 |
||
| 225 | 1 |
_aАктуальные вопросы транспортной медицины _eНауч. тр. сотрудников ЦКБ N 1 ОАО "Рос. ж.д." _x1609-5618 _vТ. 12 |
|
| 300 | _aРез. на англ. яз. | ||
| 320 | _aБиблиогр. в конце материалов | ||
| 461 | 0 |
_1001RU\NLR\INFOCOMM34\5000000238 _12001#$aАктуальные вопросы транспортной медицины$eНауч. тр. сотрудников ЦКБ № 1 ОАО "Рос. ж. д."$fЦентр. клин. больница № 1$vТ. 12 _93031701 _cМ. _d1998- _fЦентр. клин. больница № 1 _nРепроцентр М _oНауч. тр. сотрудников ЦКБ № 1 ОАО "Рос. ж. д." _tАктуальные вопросы транспортной медицины _x1609-5618 _vТ. 12 |
|
| 606 | 1 |
_aТранспортная медицина _jСъезды, совещания и т.п. _91644664 _3RU\NLR\auth\66727585 |
|
| 686 | _aР124.52я431(2) | ||
| 686 | _aР11(2)729я431(2) | ||
| 711 | 1 | 2 |
_a"Безопасность движения транспортных средств и проблемы "человеческого фактора", межотраслевая конференция _f2003 _eМосква _3RU\NLR\AUTH\8810063693 _9629006 |
| 801 | 0 |
_aRU _bNLR _c20040617 _gPSBO |
|
| 801 | 1 |
_aRU _bNLR _c20040617 |
|
| 852 |
_aNLR _jП16/1807 |
||
| 942 | _cISSUE | ||
| 980 | _aNB | ||